| 000 | 00843nam a22001697a 4500 | ||
|---|---|---|---|
| 008 | 181011b xxu||||| |||| 00| 0 eng d | ||
| 020 | _a0805374701 | ||
| 050 | _aQA76.9.D35 M35 | ||
| 100 | _aMain, Michael. | ||
| 245 |
_aData structures and other objects using C++. / _cMichael Main et al. |
||
| 260 |
_aReading : _bAddison Wesley Longman, _c1997. |
||
| 300 |
_axxxi, 751 p. : _bill. ; _c23 cm. |
||
| 500 | _aIncludes and appendixes index . | ||
| 505 | _aContents: Program specification,design and analysis -- Abstract data types and C++ classes --Container classes -- Pointers and dynamic arrays -- Linked lists -- Software reuse with templates -- Stacks -- Queues -- Recursive thinking -- Trees -- Tree projects -- Searching -- Sorting -- Software are reuse with derived classes -- Graphs. | ||
| 700 | _aSavitch, Walter. | ||
| 942 |
_2lcc _cBK |
||
| 999 |
_c6732 _d14232 |
||